000 00689 a2200205 4500
001 62202
005 20260407155915.0
008 260407a1981 arg spa d
003 AR-UNSa-BCEJYS
040 _aAR-UNSa-BCEJYS
_bspa
_cAR-UNSa-BCEJYS
080 _a349.2(094.5)
_x(Legislación del trabajo (Legislación laboral, contrato de trabajo,procedimiento laboral,riesgo laboral etc.))
245 1 0 _aLegislación del trabajo y de la seguridad social
264 1 _aBuenos Aires :
_bVíctor P. de Zavalía
_c1981
300 _a1574 p.
_c20 cm.
041 _aspa
942 _cBK
590 _aniveau_biblio:m niveau_hierar:0
100 1 _aAbad, Antolin
700 1 _aSilvano, Francisco P.
999 _c7601
_d7601